Laboratory automation using the IBM PC
Saved in:
| Main Authors: | , |
|---|---|
| Format: | Book |
| Language: | English |
| Published: |
Englewood Cliffs
Prentice-Hall
1989
|
| Subjects: | |
| Tags: |
Add Tag
No Tags, Be the first to tag this record!
|
MARC
| LEADER | 00000nam a2200000 a 4500 | ||
|---|---|---|---|
| 001 | UCV7067 | ||
| 003 | CL-VaPUC | ||
| 008 | 920727e19890000US |||||||||||||||||eng|d | ||
| 082 | 0 | 4 | |a 542.85 |b GAT |2 21 |
| 100 | 0 | |a Gates, Stephen C |e author |9 301077 | |
| 700 | 0 | |a Becker, Jordan |e author |9 301078 | |
| 245 | 1 | 0 | |a Laboratory automation using the IBM PC |
| 300 | |a 322 p | ||
| 942 | |c BK | ||
| 945 | |d 19920727 00:00:00 | ||
| 260 | |a Englewood Cliffs |b Prentice-Hall |c 1989 | ||
| 650 | 7 | |a LABORATORIOS |2 CL-VaPUC |9 264068 | |
| 650 | 0 | |a Control automático |9 259890 | |
| 650 | 0 | |a Proceso de datos |9 259776 | |
| 650 | 7 | |a COMPUTADOR PERSONAL |2 CL-VaPUC |9 264069 | |
| 650 | 7 | |a INTERFASE COMPUTACIONAL |2 CL-VaPUC |9 264070 | |
| 583 | |a last modification |c 20120517 11:22:42 |k Rodrigo Vera | ||
| 999 | |c 212813 |d 212811 | ||
| 952 | |0 0 |1 0 |4 0 |6 542_850000000000000_GAT_1989 |7 0 |8 A |9 194457 |a BIBING |b BIBING |d 2019-11-14 |i 2626446 |o 542.85 GAT 1989 |p 2626446 |r 2025-01-20 |w 2019-11-14 |y BK |k EIQ | ||